Selma
Dr. Martin Luther King, Jr.'s historical struggle to secure voting rights for all people. A dangerous and terrifying campaign that culminated with an epic march from Selma to Montgomery, Alabama in 1964.
Na minha lista:
| Formato: | Livro |
|---|---|
| Idioma: | Undetermined |
| Publicado em: |
Los Angeles
Paramount Pictures
2015
|
| Assuntos: | |
| Tags: |
Adicionar Tag
Sem tags, seja o primeiro a adicionar uma tag!
|
| Thư viện lưu trữ: | Trung tâm Học liệu Trường Đại học Cần Thơ |
|---|
| LEADER | 00702nam a2200193Ia 4500 | ||
|---|---|---|---|
| 001 | CTU_226233 | ||
| 008 | 210402s9999 xx 000 0 und d | ||
| 082 | |a 973 | ||
| 082 | |b S468 | ||
| 245 | 0 | |a Selma | |
| 245 | 0 | |c Ava DuVernay ... [et al.] | |
| 260 | |a Los Angeles | ||
| 260 | |b Paramount Pictures | ||
| 260 | |c 2015 | ||
| 520 | |a Dr. Martin Luther King, Jr.'s historical struggle to secure voting rights for all people. A dangerous and terrifying campaign that culminated with an epic march from Selma to Montgomery, Alabama in 1964. | ||
| 650 | |a Quyền công dân,Civil rights | ||
| 650 | |z Hoa Kỳ,America | ||
| 910 | |b dqhieu | ||
| 980 | |a Trung tâm Học liệu Trường Đại học Cần Thơ | ||